00727nam a22002057a 4500003000500000005001700005008004100022010001000063011001000073035001000083040000900093100003300102245011400135260003700249300001100286502013300297650003400430650002900464650002800493CHAP20220329140334.0971013s1980 r 00010 d a50637 a51609 a55759 cCHAP00aRodríguez Flores, Antonio. aEstudio epizootiológico de la prevalencia de tuberculosis bovina en ganado lechero del municipio de Durango aDurango, Dgo. :bEl autor,c1980 a(s.p.) aTesis (Médico Veterinario Zootecnista) -- Universidad Juárez del Estado Durango. Escuela de Medicina Veterinaria y Zootecnia14aGanado lecheroxEnfermedades.14aGanado lecherozDurango.14aTuberculosis en ganado.